China in Africa: A World-System Analysis

Použitie teórie svetových systémov, ktorú vyvinul Immanuel Wallerstein a jej aplikovanie na prípad čínskych ekonomických a geopolitických aktivít v africkom kontinente.

Salvato in:
Dettagli Bibliografici
Autore principale: Profant, Tomáš Imrich, 1983-
Natura: Capitolo di libro
Lingua:inglese
Soggetti:
Tags: Aggiungi Tag
Nessun Tag, puoi essere il primo ad aggiungerne!!

MARC

LEADER 00000naa$a2200000$$$4500
001 0296586
005 20251104133144.6
041 0 |a eng 
044 |a CZ 
245 1 0 |a China in Africa: A World-System Analysis  |c Tomáš Imrich Profant 
520 |a Použitie teórie svetových systémov, ktorú vyvinul Immanuel Wallerstein a jej aplikovanie na prípad čínskych ekonomických a geopolitických aktivít v africkom kontinente. 
610 2 0 |a Čína 
610 2 0 |a Afrika 
610 2 0 |a systém 
610 2 0 |a svet 
610 2 0 |a obchod 
100 1 |a Profant, Tomáš Imrich, 1983-